[Event "Doeberl Cup Minor 43rd"]
[Site "Canberra"]
[Date "2005.03.28"]
[Round "7"]
[White "Vijayakumar, Rengan"]
[Black "Arocha, Leandro"]
[Result "1/2-1/2"]
[WhiteElo "1373"]
[BlackElo "1557"]
[PlyCount "51"]
[EventDate "2005.03.25"]
[EventType "swiss"]
[EventRounds "7"]
[EventCountry "AUS"]
[SourceTitle "EXT 2009"]
[Source "ChessBase"]
[SourceDate "2008.11.26"]
[SourceVersion "1"]
[SourceVersionDate "2008.11.26"]
[SourceQuality "1"]

1. e4 d6 2. d4 Nf6 3. Nc3 g6 4. Be3 c6 5. Qd2 b5 6. Bd3 a6 7. Nf3 Bg4 8. Ng1 Qc7 9. h3 Bc8 10. Nf3 Nbd7 11. 0-0 Bb7 12. b4 h6 13. Nh2 a5 14. a3 Bg7 15. Rfe1 axb4 16. axb4 Rxa1 17. Rxa1 Nb6 18. Rb1 Nfd7 19. f4 e5 20. fxe5 dxe5 21. d5 Nc4 22. Bxc4 bxc4 23. dxc6 Bxc6 24. b5 Bb7 25. Nd5 Qd6 26. Ra1 1/2-1/2

[Event "Doeberl Cup Minor 43rd"]
[Site "Canberra"]
[Date "2005.03.26"]
[Round "4"]
[White "Roche, Michael"]
[Black "Arocha, Leandro"]
[Result "0-1"]
[WhiteElo "1317"]
[BlackElo "1557"]
[PlyCount "66"]
[EventDate "2005.03.25"]
[EventType "swiss"]
[EventRounds "7"]
[EventCountry "AUS"]
[SourceTitle "EXT 2009"]
[Source "ChessBase"]
[SourceDate "2008.11.26"]
[SourceVersion "1"]
[SourceVersionDate "2008.11.26"]
[SourceQuality "1"]

1. e4 d6 2. f4 Nf6 3. Nc3 g6 4. Nf3 Bg7 5. Bc4 0-0 6. 0-0 Bg4 7. h3 Bxf3 8. Qxf3 c6 9. d3 Nbd7 10. Be3 Qc7 11. d4 c5 12. d5 a6 13. Nd1 b5 14. Be2 c4 15. c3 Nc5 16. Bxc5 Qxc5+ 17. Kh1 a5 18. Ne3 Nd7 19. Ng4 b4 20. Rfc1 bxc3 21. bxc3 Rab8 22. Qg3 Rb2 23. Bf3 Rfb8 24. e5 h5 25. Nh2 dxe5 26. f5 gxf5 27. Bxh5 Nf6 28. Bf3 f4 29. Qe1 Qe3 30. Qf1 e4 31. Bg4 Nxd5 32. Qxc4 Nxc3 33. Nf1 Qf2 0-1

[Event "AUS-ch reserves"]
[Site "Adelaide"]
[Date "2003.12.29"]
[Round "1.40"]
[White "Pengelley, Justin"]
[Black "Arocha, Leandro"]
[Result "1-0"]
[WhiteElo "1834"]
[BlackElo "1545"]
[PlyCount "65"]
[EventDate "2003.12.??"]
[EventType "swiss"]
[EventRounds "11"]
[EventCountry "AUS"]
[SourceTitle "EXT 2005"]
[Source "ChessBase"]
[SourceDate "2004.11.15"]
[SourceVersion "1"]
[SourceVersionDate "2004.11.15"]
[SourceQuality "1"]

1. e4 d6 2. d4 Nf6 3. Nc3 g6 4. f3 c6 5. Be3 b5 6. Qd2 h5 7. 0-0-0 Nbd7 8. d5 c5 9. Bxb5 Rb8 10. e5 dxe5 11. Qf2 Bh6 12. Bxh6 Rxh6 13. Qxc5 Kf8 14. Qxa7 Rb7 15. Qe3 Rh7 16. Bc6 Rb4 17. a3 Rb8 18. Qa7 Rh8 19. d6 e6 20. Nh3 Kg7 21. Ne4 Rb6 22. Bxd7 Nxd7 23. Kb1 Rb7 24. Qe3 Qa5 25. Qc3 Qb5 26. Nhg5 Re8 27. h4 Nb6 28. d7 Na4 29. dxe8N+ Qxe8 30. Qxe5+ Kh6 31. Nf6 Qf8 32. b3 Qxa3 33. Ng8# 1-0